000 00337nam a2200133Ia 4500
005 20251222155147.0
008 251222s9999||||xx |||||||||||||| ||spa||
082 _aMEQ.301
100 _aLinda Juall Carpenito
245 0 _aNursing diagnosis aplication to clinical practice
250 _a12va. ed.
264 _bThe Point
942 _cLIB
999 _c39414
_d39414